000
00253nam a2200109Ia 4500
008
200302s9999 xx 000 0 und d
100
_a
Amanda Baillieu
245
_a
Contemporary Windows
260
_b
Mitchell Beazley
260
_c
2003
300
_a
176 P.,
999
_c
1820
_d
1820